000 00324nam a2200145Ia 4500
100 _aKranzberg & Other .(ed.)
650 _aGeneral
942 _cRB
654 _aEnergy
245 _aEnergy And Way We Live
260 _bBoyd & Fraser
_aSan Francisco
_c1980
082 _a333.7
_bKra
300 _a496
546 _aENGLISH
999 _c30114
_d30114